000 00687nam a2200181Ia 4500
008 090124s9999 xx 000 0 und d
082 _b114745
100 _aकवठेकर द. र. (दत्त रघुनाथ)
245 _a मला सोबत हवीय फक्त सोबत
250 _a0
260 _c1973
300 _a168
600 _aकवठेकर द. र. (दत्त रघुनाथ)
630 _a मला सोबत हवीय फक्त सोबत
700 _aकवठेकर द. र. (दत्त रघुनाथ)
730 _a मला सोबत हवीय फक्त सोबत
942 _cBOOK
999 _c160836
_d160836